Album Covers by Letter - A - Statistics

General Stats
  • This quiz has been taken 316 times
  • The average score is 9 of 16
Answer Stats
Picture Answer % Correct
Abbey Road - The Beatles
98%
American Idiot - Green Day
87%
AM - Arctic Monkeys
75%
All Eyez On Me - 2Pac
73%
Aladdin Sane - David Bowie
71%
Appetite for Destruction - Guns N' Roses
67%
Animals - Pink Floyd
56%
American Pie - Don McLean
51%
Aerosmith - Aerosmith
49%
At Folsom Prison - Johnny Cash
44%
Automatic for the People - R.E.M.
43%
ABBA - ABBA
41%
Americana - The Offspring
36%
Audioslave - Audioslave
31%
Alice in Chains - Alice in Chains
28%
All the Right Reasons - Nickelback
18%
No matching quizzes found
Score Distribution
Percent of People with Each Score
Percentile by Number Answered
Your Score History
You have not taken this quiz